Vera Oecumenici Concilii Tridentini: Sub Pontificibus Paulo III. Anno 1545. incepti, a Julio III. 1551. continuati, sub Pio IV. in sessione 25. absoluti ... Historia, Contra falsam Petri Suavis Polani Narrationem / Pars Tertia

Saved in:  
Bibliographic Details
Main Author: Pallavicino, Sforza 1607-1667 (Author)
Corporate Author: Tridentinum. Trient (1545-1563) (Other)
Contributors: Giattini, Giovanni Battista 1601-1672 (Other) ; Paul III. Papst 1468-1549 (Other) ; Julius III. Papst 1487-1555 (Other) ; Pius V. Papst 1504-1572 (Other) ; Metternich, Franz 1660-1737 (Printer)
Format: Print Book
Language:Latin
Subito Delivery Service: Order now.
Check availability: HBZ Gateway
WorldCat: WorldCat
Interlibrary Loan:Interlibrary Loan for the Fachinformationsdienste (Specialized Information Services in Germany)
Published: Coloniæ Agrippinæ Metternich 1717
In: Vera Oecumenici Concilii Tridentini Sub Pontificibus Paulo III. Anno 1545. incepti, a Julio III. 1551. continuati, sub Pio IV. in sessione 25. absoluti ... Historia, Contra falsam Petri Suavis Polani Narrationem
Year: 1717
Further subjects:B Ordensliteratur:Jesuiten
Sammlungen:

MARC

LEADER 00000cam a2200000 cc4500
001 191771716
003 DE-627
005 20240926092841.0
007 tu
008 960131s1717 xx ||||| 00| ||lat c
026 |e ume. t,s- deus dade 3 1717R 3  |2 fei 
035 |a (DE-627)191771716 
035 |a (DE-576)9191771714 
035 |a (DE-599)GBV191771716 
035 |a (OCoLC)832512580 
040 |a DE-627  |b ger  |c DE-627  |e rakwb 
041 |a lat 
044 |c XA-DXDE 
100 1 |0 (DE-588)119030691  |0 (DE-627)079818846  |0 (DE-576)162472846  |4 aut  |a Pallavicino, Sforza  |d 1607-1667 
109 |a Pallavicino, Pietro Sforza 1607-1667  |a Palavicino, Sforza 1607-1667  |a Palavicini, ... 1607-1667  |a Pallavicinus, Sfortia 1607-1667  |a Palavicin, ... 1607-1667  |a Sforza, Pallavicino 1607-1667  |a Palavicini, Sforza 1607-1667  |a Rainaldi, Francesco 1607-1667  |a Sforza-Pallavicino, ... 1607-1667  |a Pallavicino, Sfortia 1607-1667  |a Pallavicino, Francesco Maria Sforza 1607-1667  |a Pallavicinus, Sforza 1607-1667  |a Pallavicino, Sforza 1607-1667  |a Sforza-Pallavicini 1607-1667  |a Pallavicini, Pietro Sforza 1607-1667  |a Sforza-Pallavicino, Pietro 1607-1667  |a Palavicin, Sforza 1607-1667  |a Pallavicini-Sforza, Pietro 1607-1667  |a Pallavicini-Sfortia, Pietro 1607-1667  |a Pallavicini, Sforza 1607-1667  |a Pallavicino, Sforce 1607-1667 
245 1 0 |a Vera Oecumenici Concilii Tridentini  |b Sub Pontificibus Paulo III. Anno 1545. incepti, a Julio III. 1551. continuati, sub Pio IV. in sessione 25. absoluti ... Historia, Contra falsam Petri Suavis Polani Narrationem  |n Pars Tertia  |c scripta et ex ipsismet Originalibus Literis, Actis, Gestis, & Protocollis plene et fideliter asserta a Sfortia Pallavicino ... Deinde ab ipso auctore aucta et revisa ac latine reddita a Ioanne Baptista Giattino 
264 1 |a Coloniæ Agrippinæ  |b Metternich  |c 1717 
300 |a [1] Bl., 326 S., [11] Bl 
336 |a Text  |b txt  |2 rdacontent 
337 |a ohne Hilfsmittel zu benutzen  |b n  |2 rdamedia 
338 |a Band  |b nc  |2 rdacarrier 
500 |a Fingerprint nach dem Ex. der FB Gotha 
500 |a Vorlageform der Veröffentlichungsangabe: Coloniæ Agrippinæ, Apud Franciscum Metternich, Bibliopolam Unter gölden Waagen ... 
601 |a historia 
655 7 |a Ordensliteratur:Jesuiten  |0 (DE-627)096632534  |2 local 
700 1 |0 (DE-588)129299154  |0 (DE-627)392611562  |0 (DE-576)29758555X  |4 oth  |a Giattini, Giovanni Battista  |d 1601-1672 
700 0 |0 (DE-588)118592068  |0 (DE-627)139434690  |0 (DE-576)162499183  |4 oth  |a Paul  |b III.  |c Papst  |d 1468-1549 
700 0 |0 (DE-588)118955314  |0 (DE-627)079734383  |0 (DE-576)165862076  |4 oth  |a Julius  |b III.  |c Papst  |d 1487-1555 
700 0 |0 (DE-588)118792423  |0 (DE-627)141887869  |0 (DE-576)165841974  |4 oth  |a Pius  |b V.  |c Papst  |d 1504-1572 
700 1 |0 (DE-588)103752456X  |0 (DE-627)756093104  |0 (DE-576)391541838  |4 prt  |a Metternich, Franz  |d 1660-1737 
711 2 |0 (DE-588)4121788-3  |0 (DE-627)105767077  |0 (DE-576)209546158  |4 oth  |a Tridentinum  |d 1545-1563  |c Trient 
773 1 8 |a Vera Oecumenici Concilii Tridentini Sub Pontificibus Paulo III. Anno 1545. incepti, a Julio III. 1551. continuati, sub Pio IV. in sessione 25. absoluti ... Historia, Contra falsam Petri Suavis Polani Narrationem  |w (DE-627)191771570  |w (DE-576)9191771579  |g Pars 3  |q 3.1717  |7 nnam 
935 |a FBGO  |a mteo 
951 |a MV 
ELC |b 1 
LOK |0 000 xxxxxcx a22 zn 4500 
LOK |0 001 458348562X 
LOK |0 003 DE-627 
LOK |0 004 191771716 
LOK |0 005 20250129082219 
LOK |0 008 240926||||||||||||||||ger||||||| 
LOK |0 040   |a DE-Tue135  |c DE-627  |d DE-Tue135 
LOK |0 092   |o n 
LOK |0 852   |a DE-Tue135 
LOK |0 852 1  |9 00 
LOK |0 866   |x SPQUE#Forschungsbibliothek Gotha#SPSAM#Bestand Theologie (bis 2024-03) 
LOK |0 935   |a FBGO  |a goth 
LOK |0 939   |a 26-09-24  |b l01 
ORI |a SA-MARC-ixtheoa001.raw